000 00350nam a2200157Ia 4500
100 _aDryden/C.E
650 _aChemistry
942 _cBK
654 _aChemical Technology
245 _aOutline Of Chemical Technology
260 _bEast- West Press
_aNEW DELHI
_c1965
082 _a660.2
_bDry
300 _a500
546 _aENGLISH
999 _c23238
_d23238